Alternativní řešení sporů: Co přináší návrh směrnice?

Návrh smernice Európskeho parlamentu a Rady o alternatívnom riešení spotrebiteľských sporov a o zmene nariadenia (ES) č. 2006/2004 a smernice 2009/22/ES (smernica o alternatívnom riešení spotrebiteľských sporov).

Salvato in:
Dettagli Bibliografici
Autore principale: Mesršmíd, Jaroslav
Natura: Capitolo di libro
Lingua:ceco
Soggetti:
Tags: Aggiungi Tag
Nessun Tag, puoi essere il primo ad aggiungerne!!

MARC

LEADER 00000naa a2200000 4500
001 0156456
005 20221207082100.7
041 0 |a cze 
044 |a CZ 
245 1 0 |a Alternativní řešení sporů: Co přináší návrh směrnice?  |c Jaroslav Mesršmíd 
520 |a Návrh smernice Európskeho parlamentu a Rady o alternatívnom riešení spotrebiteľských sporov a o zmene nariadenia (ES) č. 2006/2004 a smernice 2009/22/ES (smernica o alternatívnom riešení spotrebiteľských sporov). 
610 2 0 |a poisťovníctvo 
610 2 0 |a poistenie 
610 2 0 |a zmluvy poistné 
610 2 0 |a poistníci 
610 2 0 |a spory súdne 
610 2 0 |a smernice 
610 2 0 |a Európska únia 
100 1 |a Mesršmíd, Jaroslav